| 000 | 00728 a2200181 4500 | ||
|---|---|---|---|
| 003 | Nust | ||
| 005 | 20170207153545.0 | ||
| 040 | _cNust | ||
| 082 | _a005.8 | ||
| 100 | _aAdnan (MSIS-5) | ||
| 245 |
_aA new Cryptographic Based Authentication Mechanism using Efficent Irreducible Polynomials _cAdnan |
||
| 260 |
_bMCS (NUST) _cMay 2010 _aRawalpindi |
||
| 300 | _axiii,69: p. | ||
| 505 | _aIntroduction (page-1) Key Management (page-5) Delay/Disruption tolernt networking overview (page-18) Analysis of DTN applications (page-28) Analysis and design guidelines for future DTN Key exchange protocols (page-35) Implementation & future work (page-52) | ||
| 538 | _a Almirah No.70 Shelf No.4 | ||
| 650 | _aPG Thesis | ||
| 651 | _aMSIS-5 | ||
| 942 | _cTHS | ||
| 999 |
_c188608 _d188608 |
||